| 000 | 00672nam a2200241Ia 4500 | ||
|---|---|---|---|
| 008 | 160901s9999 xx 000 0 und d | ||
| 020 | _a978-0-07-148561-6 | ||
| 050 | _aComSc QA 76.76 | ||
| 050 | _b.O63S56 2007 | ||
| 100 | _aSimmons, Curt., | ||
| 245 | _aCNET do-it-yourself Windows Vista projects : | ||
| 245 | _b24 cool things you didn't know you could do! / | ||
| 245 | _cCurt Simmons. | ||
| 260 | _aNew York : | ||
| 260 | _bMcGraw-Hill., | ||
| 260 | _c2007 | ||
| 300 | _a198 pages : | ||
| 300 | _bill. ; | ||
| 300 | _c28 cm. | ||
| 500 | _aIncludes index. | ||
| 650 | _aMicrosoft Windows (Computer file). | ||
| 650 | _xOperating systems (Computers). | ||
| 999 |
_c300888 _d300888 |
||